| 000 | 006480000a22001930004500 | ||
|---|---|---|---|
| 999 |
_c59855 _d59855 |
||
| 001 | 768714001 | ||
| 003 | CO-MdFUSB | ||
| 005 | 20170714154720.0 | ||
| 008 | 170714s1989 ag ||||| |||| 00| 0 spa d | ||
| 022 | _a0122-2996 | ||
| 040 |
_aCO-MdFUSB _bspa _cCO-MdFUSB _dCO-MdFUSB |
||
| 041 | _aspa | ||
| 100 | 1 |
_aEscobar, Samuel (1934-) _eautor |
|
| 245 | 1 | 0 | _aNuevos estudios sobre la historia del protestantismo en el Perú |
| 300 |
_aVolumen 21. Número 36 (1989), Páginas 305-311 _c22 cm. |
||
| 546 | _aTexto en español | ||
| 773 | 0 |
_tBoletín Teológico _049507 _961471 _gVolumen 21. Número 36 (1989), Páginas 305-311 _qPágina 305 |
|
| 942 | _cANA | ||